000 00625nam a2200169 i 4500
001 30424
003 ES-MaACL
005 20230906154207.0
007 t|
008 030124s1949 sp ||||1| spa d
100 1 _aBarthe Porcel, Julio.
_926112
245 1 4 _aLos juros
_b: desde el "yuro deheredat" hasta la desaparición de las "cargas de justicia" (siglos XIII al XX) : resumen de una investigación /
_cpor Julio Barthe Porcel.
260 _aMurcia :
_b[s.n.,
_c1949] (
_fSucs. de Nogues)
300 _a73 p. ;
_c25 cm.
500 _aEs publicación de la Universidad de Murcia.
852 _aES-MaACL
_j1902-F-15
_bR.28944
999 _c30424
_d30424